00331nam a2200121Ia 4500008004100000041000800041082001700049100001500066245005100081260004100132300001900173999001700192241015s9999 xx 000 0 und d aeng a658.8342 NEL aAmy Nelson aConsumer Behavior: Building Marketing Strategy bMurphy & Moore PublishingaUSAc2022 a233;. P. 27 cm c41764d41764